Jóvenes peregrinos, qué buscáis?: Juan Pablo II en Santiago de Compostela 1989

Gespeichert in:
Bibliographische Detailangaben
1. Verfasser: Juan Pablo II (VerfasserIn)
Format: Buch
Sprache:Spanisch
Veröffentlicht: Ciudad del Vaticano Pontificio Consejo para los Laicos 1991
Schriftenreihe:Servicio de Documentación, 22
Schlagworte:
Tags: Tag hinzufügen
Keine Tags, Fügen Sie den ersten Tag hinzu!

MARC

LEADER 00000nam a2200000 a 4500
001 UCX2894
003 CL-VaPUC
008 910829e19910000VC |||||||||||||||||spa|d
082 0 4 |a 248.83  |b JUA  |2 21 
100 |a Juan Pablo II  |e author  |9 309920 
245 1 0 |a Jóvenes peregrinos, qué buscáis?: Juan Pablo II en Santiago de Compostela 1989 
300 |a 212 p 
942 |c BK 
945 |d 19910829 00:00:00 
260 |a Ciudad del Vaticano  |b Pontificio Consejo para los Laicos  |c 1991 
650 7 |a PEREGRINACIONES CRISTIANAS  |2 CL-VaPUC  |9 319006 
650 7 |a JORNADA MUNDIAL DE LA JUVENTUD  |2 CL-VaPUC  |9 319007 
583 |a last modification  |c 19910829 00:00:00  |k Rodrigo Vera 
490 0 |a Servicio de Documentación, 22 
999 |c 223811  |d 223809 
952 |0 0  |1 0  |4 0  |6 248_830000000000000_JUA_1991  |7 0  |8 A  |9 219977  |a BIBTEO  |b BIBTEO  |d 2019-11-15  |i 2886383  |o 248.83 JUA 1991  |p 2886383  |r 2025-01-17  |w 2019-11-15  |y BK  |k ICR